000 00491nam a2200193Ia 4500
008 170918s9999 xx 000 0 und d
020 _a9780545288859
050 _bE532 2009
100 _aEmberly, Rebecca
245 _aThere was an old monster! /
245 _cRebecca Emberly, Adrian Emberly and Ed Emberley.
260 _aNew York :
260 _bScholastic,
260 _c2009
300 _aunpaged :
300 _bcolored illustration ;
300 _c28cm.
500 _a670
999 _c341788
_d341788